Encyclopedia of soil science (Record no. 7704)
[ view plain ]
| 000 -LEADER | |
|---|---|
| fixed length control field | 00483nam a22001937a 4500 |
| 003 - CONTROL NUMBER IDENTIFIER | |
| control field | OSt |
| 005 - DATE AND TIME OF LATEST TRANSACTION | |
| control field | 20220217114910.0 |
| 008 - FIXED-LENGTH DATA ELEMENTS--GENERAL INFORMATION | |
| fixed length control field | 220217b ||||| |||| 00| 0 eng d |
| 020 ## - INTERNATIONAL STANDARD BOOK NUMBER | |
| International Standard Book Number | 0849350530 |
| 040 ## - CATALOGING SOURCE | |
| Transcribing agency | DDC |
| 082 ## - DEWEY DECIMAL CLASSIFICATION NUMBER | |
| Classification number | 631.42 ENC 2006 vol 1 |
| 100 ## - MAIN ENTRY--PERSONAL NAME | |
| Personal name | Lal, Rattan |
| 9 (RLIN) | 15734 |
| 245 ## - TITLE STATEMENT | |
| Title | Encyclopedia of soil science |
| 250 ## - EDITION STATEMENT | |
| Edition statement | 2nd ed. |
| 260 ## - PUBLICATION, DISTRIBUTION, ETC. (IMPRINT) | |
| Place of publication, distribution, etc. | Newyork |
| Name of publisher, distributor, etc. | : Taylor & Francis |
| Date of publication, distribution, etc. | , C 2006 |
| 300 ## - PHYSICAL DESCRIPTION | |
| Extent | xxxvi,994p. |
| Other physical details | : ill |
| Dimensions | 29cm |
| 504 ## - BIBLIOGRAPHY, ETC. NOTE | |
| Bibliography, etc | index |
| 942 ## - ADDED ENTRY ELEMENTS (KOHA) | |
| Source of classification or shelving scheme | Dewey Decimal Classification |
| Koha item type | Book |
| Withdrawn status | Lost status | Source of classification or shelving scheme | Damaged status | Not for loan | Home library | Current library | Date acquired | Inventory number | Total Checkouts | Full call number | Barcode | Date last seen | Price effective from | Koha item type |
|---|---|---|---|---|---|---|---|---|---|---|---|---|---|---|
| Dewey Decimal Classification | Faculty of Interdisciplinary Studies Library | Faculty of Interdisciplinary Studies Library | 17/02/2022 | 17/4896 | 631.42 ENC 2006 vol 1 | 2022-0199 | 17/02/2022 | 17/02/2022 | Book | |||||
| Dewey Decimal Classification | Faculty of Interdisciplinary Studies Library | Faculty of Interdisciplinary Studies Library | 17/02/2022 | 17/4897 | 631.42 ENC 2006 vol 1 | 2022-0200 | 17/02/2022 | 17/02/2022 | Book |
